000 00216nam a2200085Ia 4500
999 _c10118
_d10118
100 _aChaudhry, Sher Muhammad
245 0 _aIntroduction to Statistical Theory
260 _aPakistan
_bKitab Ghar
_c1996
942 _cSTATISTICS